Statistics for Bands by Country

Click here to take the quiz!

General Stats

  • This quiz has been taken 947 times
  • The average score is 17 of 39

Answer Stats

HintAnswer% Correct
ABBASweden
95%
Bob MarleyJamaica
91%
EminemUSA
87%
Enrique IglesiasSpain
84%
BjorkIceland
82%
U2Ireland
81%
Wolfgang Amadeus MozartAustria
78%
Luciano PavarottiItaly
77%
Carlos SantanaMexico
77%
PSYSouth Korea
73%
ShakiraColombia
71%
RammsteinGermany
70%
NickelbackCanada
65%
RihannaBarbados
63%
Ravi ShankarIndia
60%
Punjabi MCIndia
58%
a-HaNorway
56%
T.A.T.u.Russia
51%
Arctic MonkeysEngland
46%
Wyclef JeanHaiti
41%
Ricky MartinPuerto Rico
35%
Baha MenBahamas
30%
PitbullCuba
29%
GotyeBelgium
27%
Michel TeloBrazil
24%
KT TunstallScotland
23%
StereophonicsWales
23%
PhoenixFrance
17%
Sonata ArcticaFinland
17%
Nicki MinajTrinidad and Tobago
16%
AkonSenegal
13%
Regina SpektorRussia
12%
LadyhawkeNew Zealand
11%
The Temper TrapAustralia
11%
K'naanSomalia
9%
Two Door Cinema ClubNorthern Ireland
9%
Salif KeitaMali
6%
Lady JaydeeTanzania
2%
Paymoney to my PainJapan
2%

Score Distribution

Percentile by Number Answered

Percent of People with Each Score

Your Score History

You have not taken this quiz